000 01247nam a2200361 c 4500
999 _c348329
_d348329
003 BLK
005 20250730175445.0
008 180412b bul|||||r ||||||| ||bul||
010 _aKNG00014527000
020 _a9789546559715
040 _aBLK
041 _aBUL
_cBUL
080 _aАмериканска литература (на САЩ)
_b821.111(73)
_x-31
_z821.111(73)-31
100 1 _aСтийл, Даниел
_eпърви автор
_9363685
139 _aСтийл, Даниел
_bС 76
245 1 0 _aШпионката
_bРоман
_cДаниел Стийл; прев. от англ. Весела Ангелова.
257 _aUSA
260 _bБард
_c2019
_9209457
_n978-954-655- ; 978-954-585- ; 978-954-584-
300 _a272 с.
_c20 см
380 _aX
500 _aОриг. загл. SPY / Danielle Steel.
653 _aромани
653 _aромантична проза
700 _aАнгелова, Весела Ангелова
_9377747
852 _bП
_cП 820(73)-31/С 76
856 4 _qpdf
_u
856 4 _qpdf
_u
942 _cKNG
_n0
_s1
_0131
944 _aCR
_c2020-01-29
_k30575
_lМартин Енчев
944 _aED
_c2020-01-29
999 _d348329
999 _d12910